| 000 | 01089cam a2200217 4500 | ||
|---|---|---|---|
| 001 | WB3924-03 | ||
| 008 | 030625n2003 000 0 eng u | ||
| 035 | _a(Sirsi) u122729 | ||
| 245 | _aHigh-risk form for contractors | ||
| 260 | _c2003 | ||
| 490 |
_aBuilding _v268(8288) 20 June 2003 |
||
| 520 | _aThe Joint Contracts Tribunal has drawn up a new form which offers contractors greater freedom from client intervention in return for assuming more risk when constructing major projects. The agreement, the "Major project form", is based on the client giving the contractor a detailed description of its requirements, including areas of potential risk, then leaves the contractor to design and build the facility. | ||
| 590 | _aWB | ||
| 650 | _aBUILT ENVIRONMENT-BUILDING CONTRACT FORMS-STANDARD FORMS OF BUILDING CONTRACT-JOINT CONTRACTS TRIBNUAL CONTRACTS | ||
| 650 | _aBUILDING CONTRACTORS | ||
| 650 | _aMAJOR PROJECTS | ||
| 650 | _aRISK MANAGEMENT | ||
| 650 | _aBUILT ENVIRONMENT-BUILDING CONTRACT FORMS | ||
| 690 | _aBUILT ENVIRONMENT-BUILDING CONTRACT FORMS | ||
| 942 | _n0 | ||
| 999 |
_c72912 _d72912 |
||